[Event "Reykjavik zt"]
[Site "Reykjavik"]
[Date "1995.??.??"]
[Round "3"]
[White "Akesson, Ralf"]
[Black "Hjartarson, Johann"]
[Result "0-1"]
[WhiteElo "2500"]
[BlackElo "2590"]
[Annotator "Hansen,Cu"]
[PlyCount "69"]
[EventDate "1995.03.??"]
[EventType "swiss"]
[EventRounds "11"]
[EventCountry "ISL"]
[SourceTitle "CBM 047"]
[Source "ChessBase"]
[SourceDate "1995.08.01"]
[SourceVersion "1"]
[SourceVersionDate "1995.08.01"]
[SourceQuality "1"]

1. d4 Nf6 2. c4 e6 3. Nf3 b6 4. g3 Ba6 5. b3 Bb7 6. Bg2 Bb4+ 7. Bd2 c5 8. O-O
O-O 9. Bxb4 cxb4 10. Nbd2 (10. a3 Na6 (10... bxa3 11. Rxa3 (11. b4 $5 Qe7 (
11... Nc6 12. b5 Na5 13. Nxa3 a6 14. bxa6 Rxa6 15. Qd3 {1/2-1/2 Kiselev,
Sergey-Savon,Vladimir/Podolsk (08) 1991}) 12. Qa4 (12. Qb3 Nc6 $1 13. b5 Na5
14. Qxa3 d6 $13) 12... d5 $1 13. Nxa3 (13. c5 $2 a5 $1 $17) 13... dxc4 14. Nxc4
Nd5 15. Nfe5 Rc8 (15... Nc3 $6 16. Qc2 Bxg2 17. Kxg2 Qxb4 18. Nxb6 Qxb6 19.
Qxc3 $16) 16. Rfc1 Nc6 17. Nxc6 Bxc6 18. b5 Bb7 (18... Be8 19. e4 $1 Nc7 20. e5
Bxb5 21. Qa3 $1 $16) 19. Qb3 h6 20. Ne5 Qe8 $6 (20... Nf6 {>=}) 21. Bf3 Rxc1+
22. Rxc1 Rc8 23. Ra1 $14 {Rajkovic,D-Dizdarevic,E/Jugoslavija 50/545/1990/}) (
11. d5 $1 $14) (11. Nxa3 d5 12. Ne5 Nc6 13. Nxc6 Bxc6 14. b4 Qe7 15. c5 Bd7 16.
Qc2 Rfc8 17. Rfc1 bxc5 18. bxc5 e5 19. e3 $14 {Ionov,S-Kiselev,S/Cheljabinsk/
1992/}) 11... Qe7 12. Qc1 a5 13. Nc3 d5 14. Ne5 Nc6 15. Nxc6 Bxc6 16. Qb2 Rac8
17. Na4 Qb4 18. c5 Nd7 $10 {Ruehrig,V-Brueckner,T/BL 8687/1986/}) 11. Ne5 (11.
axb4 {N; 11.Ne5 - 42/(688)} Nxb4 12. Nc3 Ne4 (12... Qe7 {N} 13. Qd2 (13. e3
Rfc8 14. Qe2 Ne4 15. Nxe4 Bxe4 16. Ne5 Bxg2 17. Kxg2 d6 18. Nd3 Qb7+ 19. Kg1
Nxd3 20. Qxd3 Rc7 21. Ra2 {1/2-1/2 Dzindzichashvili,R-Garcia Gonzales,G/WchT
Luzern 1989}) (13. Ne5 Bxg2 14. Kxg2 Rfc8 15. Qd2 d6 16. Nd3 Nc6 17. Nf4 d5 18.
cxd5 exd5 19. Qd3 Nb4 20. Qf3 Rd8 21. Rfc1 a5 22. Nd3 {1/2-1/2 Beckhuis,G-Lau,
R/Bundesliga 1993}) 13... Rfd8 14. Ne5 Bxg2 15. Kxg2 d6 16. Nf3 d5 17. Rfc1 a5
18. Na4 Qb7 19. c5 bxc5 20. Nxc5 Qb5 21. Ne5 $14 {+/= Arbakov,V-Balashov,Y/
Moskva 48/(682) 1989}) 13. Qc1 (13. Nxe4 Bxe4 14. Ne1 Bxg2 15. Kxg2 {1/2-1/2
Kishnev,S-Brunner,L/Leukerbad ch 1992}) 13... Nxc3 14. Qxc3 a5 15. Ne5 {
1/2-1/2 Yusupov,A-Benjamin,Joel/Saint John (open II) 45/(657) 1988}) (11. e3 {N
} Qe7 (11... d6 12. Qe1 bxa3 13. b4 $14) 12. a4 $5 Ne4 (12... d6 13. a5 b5 14.
cxb5 Nc7 15. Qd2 $16) 13. a5 (13. Nfd2 f5 $5) 13... b5 $1 14. Nfd2 (14. cxb5
Nc7 $15) 14... Nc3 $8 15. Qc2 (15. Nxc3 Bxg2 16. Kxg2 bxc3 17. cxb5 Nb4 $1 $13)
15... Bxg2 16. Kxg2 Nxb1 17. Raxb1 Rfc8 (17... Rac8 $5) 18. Qe4 bxc4 19. bxc4
$14 {Epishin,V-Petursson,M/Bern open 52/524/1991/}) (11. axb4 {- 48/(682)})
11... Bxg2 12. Kxg2 d5 13. e3 Qc7 14. axb4 Nxb4 15. Na3 Qb7 16. Kg1 Ne4 17. Qe2
{1/2-1/2 Karolyi jr,T-Kuligowski,A/Brussels OHRA-B 1986}) (10. Qd3 Be4 (10...
d6 11. Nbd2 Nbd7 (11... a5 12. Rad1 (12. e4 e5 $1 {/\ Nc6}) 12... Qc7 13. e4 e5
14. Nh4 Nc6 $10 15. d5 Ne7 (15... Nd4 $5 16. f4 Nd7 17. Ndf3 Nc5 18. Qe3 Nxf3+
19. Qxf3 $13) 16. Bh3 (16. f4 $2 Qc5+ 17. Kh1 Ng4 $17) 16... Ng6 17. Nxg6 hxg6
18. f4 Rae8 19. Rde1 Re7 (19... exf4 $6 20. gxf4 Re7 21. Nf3 Rfe8 22. e5 Nh5
23. e6 $1 $16) 20. f5 $14 {Gruenberg,HU-Hjartarson,J/Novi Sad ol 50/544/1990/})
(11... Qc7 {N} 12. e4 (12. Ne1 $5 {N} Bxg2 (12... Nc6 13. f4 $1) (12... Nbd7 {
Kharitonov Dautov} 13. Bxb7 Qxb7 14. Nc2 a5 15. e4 e5 16. Ne3 exd4 17. Qxd4 Nc5
18. f3 Ne6 19. Qd3 Nc5 20. Qe2 $14) 13. Nxg2 (13. Kxg2 $5 {Kharitonov} Nc6 14.
e4 e5 15. Nc2 a5 16. Rfe1 {/\ f3,Nf1-e3+/=}) 13... Nc6 (13... e5 {Kharitonov
Dautov} 14. Ne3 Nc6 15. dxe5 dxe5 16. Ne4 Nxe4 17. Qxe4 $14) 14. f4 $1 (14. e4
$5 e5 15. Nf3 $1 {/\ Ne3, de5, Nd5}) 14... d5 (14... e5 $6 15. fxe5 dxe5 16.
Rxf6 $1 gxf6 17. Ne4 $40) (14... Nd7 15. e4 $16) (14... Rfe8 {Kharitonov} 15.
d5 $5 Nb8 16. e4 $14) 15. Rfc1 $6 (15. e4 $2 dxe4 16. Nxe4 Rad8 17. Nxf6+ gxf6
18. d5 exd5 19. cxd5 Ne7 20. Ne3 Nxd5 21. Nxd5 Qc5+ $17) (15. Ne1 $1 {/\ Nef3+/
-}) (15. Rac1 $5 {Kharitonov}) 15... Qd7 (15... Qb7 $142 {/\ Rac8, Qa6 ><c4})
16. e3 Rfc8 (16... a5 {Kharitonov Dautov} 17. Ne1 a4 18. Nef3 axb3 19. axb3 Ra3
20. Ne5 Nxe5 21. fxe5 $16) 17. Ne1 $1 Rc7 18. Nef3 $14 {Ruban,V-Kiselev,S/
Russia-ch 61/559/1994/}) 12... e5 13. Ne1 {/\ Nc2-e3} Nc6 $5 (13... Nbd7 14.
Nc2 a5 15. Ne3 $14) 14. Nc2 (14. d5 $2 Ne7 {/\Sd7,a7-a5,Sc5 =/+}) 14... a5 15.
Rfe1 (15. f4 $2 {Dautov} Nxd4 16. Nxd4 Qc5) (15. Kh1 $5 {Dautov /\f4}) (15. Kh1
Rfe8 16. Rae1 Rad8 17. f4 Nxd4 18. Nxd4 exd4 19. Qxd4 Re7 $15 {Kadimova,
I-Kiselev,S/Berlin Summer/1994/}) 15... Ba6 $2 (15... Rfe8 $5 16. h3 Nxd4 17.
Nxd4 exd4 18. Qxd4 Qc5 19. Qd3 Re6 20. Re3 Rae8 21. Rae1 h6 {/\ Bc6, b5=}) 16.
Nf1 {/\ Nfe3+/=} Rab8 17. Nfe3 $14 {Vyzmanavin,A-Kiselev,S/Helsinki 55/518 /
1992/}) (11... a5 {- 50/544}) 12. e4 e5 {Engqvist,T-Karason,A/Gausdal Arnold
Cup/1991/} 13. Nh4 $16 {[+]}) (10... d5 {N} 11. Nbd2 Nbd7 12. Rfc1 (12. a3 a5
13. axb4 axb4 {1/2-1/2 Shneider,A-Olafsson,He/Lyon Eurocup tt 1994}) 12... Qe7
13. Qe3 (13. Ne5 Rfc8 14. f4 Ne8 15. e4 Ndf6 16. Re1 Qd8 17. Rac1 a5 18. exd5
exd5 19. c5 Nd7 20. Nxd7 Qxd7 21. cxb6 Rxc1 22. Rxc1 Qe6 23. Nf3 {1/2-1/2
Psakhis,L-Lutz,C/Baden Baden (06) 1992}) 13... Rac8 14. Ne5 Nxe5 15. dxe5 Nd7
16. cxd5 Bxd5 17. Bxd5 exd5 18. Nf3 Rc5 19. Qd4 Re8 $10 {= Nikolic,Pr-Arnason,
J/Moskva (GMA) 49/(597) 1990}) 11. Qe3 Nc6 12. Nbd2 d5 13. cxd5 $1 {N} (13.
Rfc1 Qd6 $10) (13. Ne5 Bxg2 14. Nxc6 Qd6 $10) (13. Nxe4 Nxe4 $10 (13... dxe4 $2
14. Ne5 Qc7 15. Bxe4 $16) 14. Nd2 (14. a3 bxa3 15. Rxa3 Nb4 16. Rc1 a5 17. Ne5
Nf6 18. cxd5 Nfxd5 19. Qd2 Qe7 20. Raa1 Rfd8 21. Nc4 Rab8 22. Ne5 {1/2-1/2
Lerner,K-Romanishin,O/Nikolaev zt (04) ;CBM 47 1995}) 14... Nc3 $15 {/\ Nd4}
15. Nb1 (15. Nf3) 15... Nxd4 $1 16. Nxc3 Nc2 17. Qc1 (17. Qd2 {>=} Nxa1 18. Nb5
dxc4 19. Qxb4 Nc2 20. Qc3 a6 21. Bxa8 axb5 22. Qxc2 Qxa8 23. bxc4 Rc8 $44)
17... Nxa1 18. Nb5 a6 19. Nd4 Nxb3 (19... Rc8 $6 20. Qxa1 dxc4 21. Bb7 Rc7 22.
Bxa6 $16) 20. axb3 Rc8 $17 {Dokhoian,Y-Romanishin,O/Erevan 48/682 1989/}) 13...
exd5 14. Ne5 Bxg2 (14... Nxe5 $2 15. dxe5 Bxg2 16. Kxg2 $16) 15. Nxc6 Qd7 16.
Ne5 (16. Rfc1 Bh3 $8 17. Nxb4 $2 Rfe8 {><e2}) (16. Ne7+ Kh8 17. Kxg2 Rfe8 18.
Nf3 Rxe7 19. Ne5 Qe8 20. Qf3 Rc8 $10) 16... Qh3 17. Rfc1 $16 {/\ f3, Qf2
Dautov,R-Romanishin,O/Kecskemet 48/683 1989}) 10... d6 (10... Qe7 11. Qc1 a5
12. Re1 d6 13. Qb2 Re8 14. e3 Na6 15. h3 Rad8 16. Rad1 Qc7 17. Qb1 Qb8 18. Ng5
Bxg2 19. Kxg2 h6 20. Nge4 Nxe4 21. Qxe4 d5 22. Qf3 $14 {Hort,V-Wilder,M/
Dortmund/1988/}) 11. e3 (11. a3 bxa3 12. Rxa3 a5 13. Qb1 Na6 14. Rd1 (14. e4 e5
15. Rd1 Qe7 $15) 14... Re8 15. Ng5 Bxg2 16. Kxg2 Qe7 $1 17. Ra2 Nb4 18. Rb2 h6
(18... e5 19. Nde4 $1 g6 20. dxe5 Nxe4 21. Nxe4 dxe5 22. Rd6 $16) 19. Nge4 Nxe4
20. Qxe4 (20. Nxe4 d5 $1 $15) 20... d5 21. Qf3 $2 (21. Qf4 $1) 21... e5 $1 22.
cxd5 e4 23. Qh5 Rad8 24. Nc4 {Adianto,U-Kortchnoi,V/Manila ol/1992/} Nxd5 $15)
(11. Re1 Nbd7 12. a3 bxa3 13. b4 a5 14. Qb3 axb4 15. Qxb4 Qc7 16. Rxa3 Rxa3 17.
Qxa3 Ra8 $10 {Chuchelov,V-Lau,R/Porz/1994/}) 11... Nc6 12. Nh4 Rc8 13. f4 {
/\Nhf3,e3-e4} d5 14. g4 $6 {/\g4-g5, קd5} dxc4 15. bxc4 (15. Nxc4 $5 Nd5 $132)
15... Ne8 16. g5 Nd6 {/\Na5, קc4} 17. Rc1 Rc7 18. Qa4 $2 (18. Nhf3 Nf5 (18...
b5 19. c5 Nc4 (19... Nf5 20. Qe2 $14) 20. Qe2 $13) 19. Qe2 $13) 18... h6 $1 19.
Nhf3 Nf5 20. Rce1 hxg5 $1 21. Nxg5 Nxe3 $1 $19 22. Rxe3 Qxd4 23. Qb3 Qxd2 24.
Ne4 Qd8 25. Rh3 Qd4+ 26. Kh1 Na5 27. Qc2 Bxe4 28. Bxe4 Rfc8 29. Rd1 Qf6 30. Qd2
Nxc4 31. Bh7+ Kf8 32. Qxb4+ Rc5 33. Bd3 a5 34. Qb3 Qxf4 35. Rf1 0-1

[Event "Akureyri"]
[Site "Akureyri"]
[Date "1994.??.??"]
[Round "?"]
[White "Hjartarson, Johann"]
[Black "De Firmian, Nick E"]
[Result "1/2-1/2"]
[WhiteElo "2595"]
[BlackElo "2580"]
[Annotator "Hansen,Cu"]
[PlyCount "89"]
[EventDate "1994.02.??"]
[EventType "tourn"]
[EventRounds "11"]
[EventCountry "ISL"]
[EventCategory "10"]
[SourceTitle "CBM 040"]
[Source "ChessBase"]
[SourceDate "1994.06.01"]
[SourceVersion "1"]
[SourceVersionDate "1994.06.01"]
[SourceQuality "1"]

1. d4 Nf6 2. c4 e6 3. Nf3 b6 4. g3 Bb4+ 5. Bd2 Bxd2+ 6. Qxd2 Ba6 7. b3 c6 8.
Nc3 (8. Qc2 c5 9. Nc3 (9. e4 cxd4 10. Nxd4 Nc6 $10 {Kouatly,B-Miles,A/
Strasbourg/1983/}) 9... Nc6 10. dxc5 bxc5 11. Bg2 Bb7 12. O-O d6 13. Rfd1 Qe7
$10 {Hort,V-Miles,A/Biel/1990/}) (8. Qf4 d5 9. Nbd2 Nbd7 (9... O-O 10. e4 dxe4
11. Nxe4 Nbd7 12. Nxf6+ Nxf6 13. Ne5 Bb7 14. Bg2 Rc8 15. O-O $14 {Kortjnoj,
V-Kudrin,S/Titograd/1984/}) 10. e4 dxe4 11. Nxe4 Nxe4 12. Qxe4 O-O 13. Bg2 b5
14. c5 (14. O-O bxc4 15. Qxc6 Nb6 16. bxc4 Bxc4 $15 {Morovic,I-Sisniega,M/New
York op/1988/}) 14... Qa5+ 15. Kf1 Qc3 16. Re1 b4+ 17. Kg1 Bb5 $13 {Beljavsky,
A-Miles,A/Moskva GMA/1990/}) (8. Qb4 c5 9. dxc5 Qe7 10. Bg2 Bb7 11. Qa3 bxc5
12. O-O d6 13. Nc3 O-O 14. Rfd1 {0,5/Rogers,I-Miles,A/Dieren op/1988/}) (8. Bg2
d5 9. Ne5 (9. Qc2 Nbd7 {0,5/Naumkin,I-Miles,A/Kusadasi open/1990/} 10. Nbd2 Rc8
11. e4 dxe4 12. Nxe4 Nxe4 13. Qxe4 b5 14. c5 Qa5+ 15. Nd2 O-O $13 {Gelfer,
I-Greenfeld,A/Israel/1986/}) (9. Qb4 Qe7 10. Qxe7+ Kxe7 11. Ne5 Nfd7 12. Nxd7
Nxd7 13. cxd5 cxd5 14. Nc3 $10 {Van der Sterren,P-Adams,M/Ostend open/1989/}) (
9. O-O Nbd7 10. Qb4 Qe7 11. Qa4 Bb7 12. cxd5 exd5 13. Qa3 Qxa3 14. Nxa3 Ne4 15.
Rfc1 a5 $10 {Renet,O-Ikonnikov,V/EUCup/1993/}) (9. Nc3 Nbd7 10. Qb2 (10. Ne5
Nxe5 11. dxe5 Nd7 12. f4 Qe7 13. O-O O-O 14. Rfd1 Rfd8 15. cxd5 cxd5 16. e4 d4
$44 {Tukmakov,V-Miles,A/Wijk/1984/}) 10... O-O 11. O-O dxc4 12. bxc4 Bxc4 13.
Nd2 Ba6 14. Bxc6 Rc8 15. Bg2 $13 Nb8 16. Nb3 Rc4 (16... Qe7 17. Rfe1 Rc4 18. e4
$14 {Torre,E-Miles,A/Thessaloniki ol/1984/}) 17. Rfc1 Qe7 18. e3 Rfc8 19. Nd2
$13 {Nikolic,Pr-Miles,A/Thessaloniki ol/1984/}) 9... Nfd7 10. Nxd7 (10. Qe3
Nxe5 11. Qxe5 O-O 12. Nd2 Nd7 13. Qe3 Rc8 14. O-O Nf6 {0,5/Jasnikowski,
Z-Apolonov,S/Wisla BES/1992/}) 10... Nxd7 11. Qb2 dxc4 12. bxc4 Rc8 13. Nd2 O-O
14. O-O c5 $10 {Torre,E-Portisch,L/Tilburg/1982/}) 8... d5 9. e4 (9. cxd5 cxd5
10. Bg2 O-O 11. O-O Nc6 $10 {Hertneck,G-Roder,M/Bad Vorishofen open/1990/})
9... Nxe4 (9... dxe4 10. Ng5 c5 11. Ncxe4 Nxe4 12. Nxe4 O-O 13. dxc5 Nd7 14. c6
Ne5 15. Bg2 Nxc6 16. O-O-O e5 17. Qd5 $16 {Kortjnoj,V-Greenfeld,A/Beersheba/
1987/}) 10. Nxe4 dxe4 11. Ng5 Nd7 12. Bg2 (12. Nxe4 Nf6 13. Nc3 c5 14. dxc5
Qxd2+ 15. Kxd2 Bb7 16. Rg1 bxc5 17. Bg2 O-O-O+ 18. Ke2 Bxg2 19. Rxg2 Kb7 $10 {
Dlugy,M-deFirmian,N/USA-ch/1989/}) 12... Nf6 (12... O-O 13. Bxe4 h6 14. Nf3 Qc7
15. O-O Rad8 $10 {Schuh,H-Roeder,M/2.BLS/1993/}) 13. Nxe4 Nxe4 (13... Rc8 14.
O-O O-O 15. Rfd1 $14 {Hebden,M-Akesson,R/Lloyds Bank/1988/}) 14. Bxe4 Bb7 (
14... Qd6 15. O-O Rd8 16. Rad1 O-O 17. Qc2 f5 18. Bf3 c5 19. dxc5 Qxc5 20. Rfe1
$14 {Dzindzichasvili,R-Miles,A/Tilburg/1985/}) 15. O-O O-O 16. Qe3 Qf6 {קd4}
17. Rad1 Rfd8 18. Rd2 Rd7 19. Rfd1 Rad8 20. h4 $14 {() /\Kg2-h3,g3-g4-g5 !?} h5
21. Kh2 g6 22. Rd3 Kg7 23. R3d2 Rc8 {/\c6-c5} 24. c5 {ץb7} Re7 {/\e6-e5} 25.
Qf3 Qxf3 26. Bxf3 Rcc7 {/\e6-e5} (26... e5 $2 27. dxe5 Rxe5 28. Rd7 $16) 27.
Bg2 Kf6 (27... e5 28. dxe5 Rxe5 29. Rd7 Re7 30. Rxc7 Rxc7 31. b4 $5 $14) 28. f4
Red7 {/\Ke7} 29. Kg1 Ke7 30. Kf2 Rc8 31. Ke3 {/\b3-b4,a2-a4 |^} b5 $1 {/\a7-a5}
32. b4 a5 33. a3 (33. bxa5 $2 Ra8 $15) 33... a4 $10 34. Bf3 {/\g3-g4} f5 35.
Kd3 Kf6 36. Kc3 Re7 37. Re1 Rcc7 38. Rde2 Rcd7 39. Re3 Rc7 40. Be2 Red7 41. Bd3
Re7 42. Bb1 Bc8 43. Ba2 Ra7 44. Re5 Rac7 45. R1e3 {Hansen,Cu} 1/2-1/2

[Event "Linares 11th"]
[Site "Linares"]
[Date "1993.??.??"]
[Round "3"]
[White "Karpov, Anatoly"]
[Black "Beliavsky, Alexander G"]
[Result "1-0"]
[WhiteElo "2725"]
[BlackElo "2610"]
[Annotator "Hansen,LB"]
[PlyCount "82"]
[EventDate "1993.02.??"]
[EventType "tourn"]
[EventRounds "13"]
[EventCountry "ESP"]
[EventCategory "18"]
[SourceTitle "CBM 034"]
[Source "ChessBase"]
[SourceDate "1993.06.01"]
[SourceVersion "1"]
[SourceVersionDate "1993.06.01"]
[SourceQuality "1"]

1. d4 {Anand Dautov} Nf6 2. c4 e6 3. Nf3 b6 4. g3 Ba6 5. b3 Bb4+ 6. Bd2 Be7 7.
Bg2 c6 8. Bc3 d5 (8... Ne4 9. Bb2 d5 10. O-O O-O 11. Nbd2 Nxd2 12. Nxd2 f5 13.
Qc2 Bb7 14. Rfd1 Nd7 15. e3 Bd6 16. a4 a5 17. Ba3 Bxa3 18. Rxa3 Qe7 19. Raa1
Rac8 20. Rac1 Ba6 $13 {Neverov-Gagarin,Bucharest 1993}) 9. Ne5 Nfd7 10. Nxd7
Nxd7 11. Nd2 O-O 12. O-O Rc8 (12... b5 13. c5 $1 e5 14. dxe5 $1 Nxc5 15. Rc1
Bb7 16. Bb2 a5 17. f4 $14 {Zsuzsa Polgar-Sax,Budapest ch-HU 1991}) (12... Nf6
13. e4 b5 14. Re1 dxe4 15. Qc2 $5 Rc8 16. Rad1 $1 h6 17. Bf1 $1 $14 {
Beliavsky-Chandler,Moskva GMA-open 1990}) 13. e4 (13. Re1 $5 c5 14. cxd5 exd5
15. a3 $1 (15. Qb1 $6 cxd4 $1 16. Bxd4 Nc5 17. Qb2 Ne6 18. Nf3 Bb4 19. Rec1 Qe7
20. Rxc8 Rxc8 21. Rd1 Nxd4 22. Nxd4 Bc3 23. Qb1 Bxd4 24. Rxd4 Qa3 $1 $15 {
L.Hansen-Sax,Lugano open 1989}) 15... Nf6 16. b4 Qd7 17. dxc5 bxc5 18. bxc5
Rxc5 19. Bxf6 $1 $16 {Dautov-Utasi,Budapest open 1989}) 13... c5 14. exd5 exd5
15. dxc5 dxc4 16. c6 cxb3 17. Re1 (17. Nc4 $5 b2 18. Bxb2 Bxc4 19. Qg4 Bf6 20.
Bxf6 Qxf6 21. Qxc4 Ne5 22. Qa6 Nf3+ 23. Bxf3 Qxf3 24. Qxa7 Rxc6 $10 {
Karpov-Polugaevsky,Haninge 1990}) 17... Bb5 (17... b2 $6 18. Bxb2 Nc5 19. Ba3
Bd6 20. Nb3 $16 {Gheorghiu-Cserna,Berlin open 1986}) 18. axb3 (18. Nxb3 $6 Bxc6
19. Bxg7 $5 Kxg7 20. Nd4 Bxg2 21. Nf5+ Kh8 22. Rxe7 Bh3 $1 23. Qd4+ Ne5 $1 24.
Qxe5+ (24. Rxe5 $6 Qxd4 25. Nxd4 Rfd8 $17 {Chernin-Browne,Lugano open 1989})
24... f6 25. Qe2 $1 {/\Rh7} Bxf5 $1 26. Rd1 Bg4 $1 $10 {1/2-1/2;Yusupov-Sax,
Rotterdam 1989}) 18... Bxc6 (18... a5 $5 {Gelfand-van der Wiel,Wijk aan Zee
1992;Ftacnik-Sax,Budapest zt 1993}) 19. Bxc6 Rxc6 20. Rxa7 Bf6 (20... Nf6 21.
Qf3 Qd5 (21... Qc8 {Dautov} 22. Nb1 (22. Nc4 Bc5 $13) 22... Bd8 (22... Bc5 23.
b4 $16) 23. Kg2 Re6 24. Qb7 Qxb7+ 25. Rxb7 Rxe1 26. Bxe1 $14 {Chernin,A-Farago,
I Ungarn 1992}) 22. Rexe7 Qxf3 23. Nxf3 Rxc3 24. Ng5 Rxb3 25. Nxf7 $16 {
Karpov-Kortchnoi,Tilburg 1991}) (20... Rxc3 $2 21. Nb1 Rc7 22. Rxc7 Qxc7 23.
Rxe7 Rd8 24. Qd5 Qc1+ 25. Kg2 Rf8 26. Rxd7 Qxb1 27. Rd6 $18 {Novikov-Oll,Lvov
zt 1990}) 21. Nc4 $1 (21. Ne4 Bxc3 22. Rxd7 Qc8 (22... Qa8 $10 {Dautov}) 23.
Re3 Bb4 24. Qd3 h6 25. Rf3 Re6 26. Qd5 Qc6 27. Qxc6 Rxc6 28. Rf4 {1/2-1/2;
Novikov-Stempin,Polanica Zdroj 1989}) (21. Ne4 {Anand has been played here
before}) 21... Nc5 {N} (21... Bxc3 $6 22. Rxd7 Qf6 (22... Qc8 {Anand} 23. Re3
Bf6 24. Rd5 $14) 23. Re4 $1 Re6 24. Rf4 Qg6 $6 (24... Re1+ 25. Qxe1 Bxe1 26.
Rxf6 gxf6 27. Nxb6 $16) (24... Qxf4 25. gxf4 Re1+ 26. Qxe1 Bxe1 27. Nxb6 $16)
25. Rdxf7 $1 Qxf7 $8 26. Rxf7 Rxf7 (26... Kxf7 27. Qd7+ Kf6 (27... Re7 28. Nd6+
$18) 28. Ne3 $18) 27. Qd8+ Rf8 28. Qd5 Rff6 29. Nd6 Bb4 30. Ne4 $18 {
Chernin-Veingold,Sevilla open 1993}) (21... Rc7 $2 22. Bxf6 gxf6 $8 23. Rxc7
Qxc7 24. Re7 Rd8 25. Qh5 $18) 22. Qxd8 Rxd8 (22... Bxd8 23. Bb4 $16 (23. Bb4 {
Dautov} Bc7 (23... Nd3 $2 24. Bxf8 Nxe1 25. Bb4 Nd3 26. Ra8 $18) (23... Rc7 24.
Ra8 $16) 24. Ne5 (24. Re7 Bd8 25. Ne5 (25. Bxc5 Rxc5 26. Reb7 Rb5 27. Nd6 Rxb3
28. Nxf7 Bf6 $10) 25... Bxe7 26. Nxc6 Bf6 27. Bxc5 bxc5 $10) 24... Bxe5 25.
Rxe5 h6 (25... Rfc8 26. Ree7 Rf6 27. Bxc5 bxc5 28. Rec7 Rb8 29. Rab7 $16) 26.
Re3 $14)) 23. Bxf6 Rxf6 (23... gxf6 24. Ree7 $16 {/\Ne3-f5 ->} (24. Ree7 {
Dautov} Nxb3 25. Ne3 Rf8 26. Ra4 $36 (26. Nf5 h5 $1 27. Nh6+ Kg7 28. Nxf7 Kg6
$13))) (23... gxf6 $2 {Anand Is ugly and doesn't help Black. White can't play
Ne5 but Nc4-e3-f5 is frightening}) 24. b4 Ne6 $8 (24... Nb3 25. Rd7 $1 $18 {
X Nb3} (25. Rd7 $1 {Dautov} Rc8 26. Rd3 (26. Nd6 Rf8 $14) 26... h6 27. Ne3 Rc1
(27... Nc1 28. Rdd1 $18 {/\Nd5}) 28. Kf1 Rxe1+ 29. Kxe1 Nc1 30. Rc3 Na2 31.
Rc8+ Kh7 32. b5 Nb4 33. Ke2 $16) (25. Re3 b5 26. Nb2 Nc1 27. Rd7 Rf8 (27... Ra8
$2 28. Rc7 Na2 29. Ra7 $18) 28. Rc7 Na2 29. Nd3 Ra6 $14)) (24... Nd3 $2 {Dautov
} 25. Rd7 $18) 25. Nxb6 $16 Ng5 26. Rd7 $1 Nf3+ 27. Kf1 Rb8 (27... Rf8 28. Nd5
Rh6 (28... Nxe1 29. Nxf6+ gxf6 30. Kxe1 $18) 29. Rd1 Rxh2 $2 30. Ne7+ Kh8 31.
Rd8 $18) 28. Red1 Kf8 (28... g6 {Dautov} 29. Rd8+ Rxd8 30. Rxd8+ Kg7 31. Nd5
Re6 32. b5 $16) 29. Nd5 Re6 (29... Nxh2+ 30. Kg2 Rh6 31. Rd4 $18) 30. Nc7 Rh6 (
30... Reb6 {Dautov} 31. Rd8+ (31. b5 $16) 31... Rxd8 32. Rxd8+ Ke7 33. Rd1 $16)
31. h4 g5 (31... Rxb4 $2 32. Rd8+ Ke7 33. R1d7+ Kf6 34. Nd5+ $18) 32. hxg5 Nxg5
(32... Rh1+ $142 33. Ke2 Rxd1 34. Rxd1 Nxg5 35. Rd4 $18) 33. R1d5 $18 Ne4 34.
Rd8+ Rxd8 35. Rxd8+ Kg7 (35... Ke7 $2 36. Re8+ (36. Rd4 $18 {Dautov}) 36... Kd7
37. Rxe4 Kxc7 38. Re7+ $18) 36. Ne8+ Kg6 (36... Kf8 37. Nf6+ (37. Nd6+ {Anand}
Ke7 38. Re8+ Kxd6 39. Rxe4 $18) 37... Ke7 38. Re8+ Kxf6 39. Rxe4 $18 {X Kf6})
37. Kg2 f6 38. Rd7 Rh5 39. Rg7+ Kh6 40. Re7 f5 (40... Re5 41. Nxf6 $1 $18) 41.
Re6+ Kg5 (41... Kg5 42. f4+ (42. f3 $18 {Dautov}) 42... Kg4 43. Rxe4 $1 $18)
1-0

[Event "Copenhagen K41"]
[Site "Copenhagen"]
[Date "1995.??.??"]
[Round "2"]
[White "Danielsen, Henrik"]
[Black "Akesson, Ralf"]
[Result "0-1"]
[WhiteElo "2430"]
[BlackElo "2500"]
[Annotator "Hansen,LB"]
[PlyCount "94"]
[EventDate "1995.06.??"]
[EventType "tourn"]
[EventRounds "9"]
[EventCountry "DEN"]
[EventCategory "10"]
[SourceTitle "CBM 048"]
[Source "ChessBase"]
[SourceDate "1995.10.01"]
[SourceVersion "1"]
[SourceVersionDate "1995.10.01"]
[SourceQuality "1"]

1. d4 Nf6 2. Nf3 e6 3. c4 b6 4. g3 Ba6 5. b3 Bb4+ 6. Bd2 Be7 7. Bg2 Bb7 8. O-O
O-O 9. Nc3 Na6 {A simple and solid line,but White should maintain a slight
edge.} 10. Re1 (10. e3 $1 {Presently considered the strongest.} d5 (10... c5
11. Qe2 cxd4 12. exd4 d5 13. Ne5 Nb4 14. Bg5 Rc8 15. Rac1 h6 16. Bxf6 Bxf6 17.
Rfd1 Re8 18. Nb5 a6 19. Na7 $1 Ra8 20. a3 Na2 21. Qxa2 Rxa7 22. b4 $1 dxc4 23.
Bxb7 Rxb7 24. Qxc4 Qa8 25. Qc6 Rd8 26. Qe4 $16 {Piket,J-Hansen,Cu/Antwerpen/
1993/}) 11. Qe2 c5 12. Rfd1 Qc8 13. Be1 Rd8 14. cxd5 exd5 15. Rac1 h6 16. Ne5
Qe6 17. f4 $14 {Granda Zuniga,J-Lobron,E/Biel izt/1993/}) (10. Ne5 d5 11. cxd5
exd5 12. Bf4 Qc8 13. Rc1 Rd8 14. Qc2 c5 15. Rfd1 Qe6 16. Nb5 h6 17. Qb1 Ne4 18.
Be3 Bf8 19. a4 $14 {van der Sterren,P-Hansen,Cu/Biel izt/1993/}) (10. Bc1 $5 d5
11. Ne5 Qc8 (11... c5 12. Bb2 Nb4 13. Rc1 Rc8 14. a3 Nc6 15. Nxc6 Bxc6 16. cxd5
exd5 17. e3 $14 {Itkis,B-Brodsky,M/Bucharest/1994/}) 12. Bb2 Rd8 13. Rc1 c5 14.
cxd5 exd5 15. e3 Qe6 16. Ne2 Rac8 17. Nf4 Qd6 18. Re1 $14 {Douven,R-Szekely,P/
Groningen/1994/}) 10... d5 11. cxd5 exd5 12. Bg5 Ne4 13. Bxe7 Qxe7 14. Rc1 c5
15. e3 Rac8 $10 16. Bh3 $6 (16. Nb5 $5) 16... Rcd8 17. Qe2 $6 Nb4 $1 {>< /^
f1-a6,d3} 18. a3 Ba6 19. Nb5 Nc6 20. a4 $8 Qf6 $15 21. Bg2 cxd4 22. exd4 Bxb5
23. axb5 Nxd4 24. Nxd4 Qxd4 25. Bxe4 dxe4 26. Rc4 Qd3 27. Rxe4 g6 $5 28. Re7 (
28. Qxd3 $5 Rxd3 29. Re7 Rxb3 30. Rxa7 Rxb5 31. Rb7 $15) 28... Qxb3 29. Rxa7
Rd5 30. Rb7 Rxb5 31. Qe3 $1 Qb2 $1 32. Rd1 {White should have decent holding
chances,but from here to the time control Black improves his position.} Qf6 33.
Rbd7 $6 (33. Qd4 $142) 33... Re5 34. Qd4 Rfe8 35. Rd6 Qf3 $1 36. Rd8 Rxd8 37.
Qxd8+ Kg7 38. Qd4 Qf6 $17 39. Kg2 b5 40. Rc1 h5 41. Rc7 Rf5 42. Qxf6+ Kxf6 43.
Rb7 Ke6 44. h3 $6 (44. f4 Kd6 45. Kf3 Kc6 46. Rb8 Kc5 47. h3 Kc4 48. g4 hxg4+
49. hxg4 Rc5 $19) 44... Kd6 45. g4 hxg4 46. hxg4 Kc6 $1 $19 47. Ra7 Rf4 0-1